Algebra
Salvato in:
| Autore principale: | |
|---|---|
| Natura: | Libro |
| Lingua: | inglese |
| Pubblicazione: |
Menlo Park
Addison-Wesley Publ. Co.
1992
|
| Edizione: | 1. ed. |
| Soggetti: | |
| Tags: |
Nessun Tag, puoi essere il primo ad aggiungerne!!
|
MARC
| LEADER | 00000nam a2200000 4500 | ||
|---|---|---|---|
| 001 | c002151 | ||
| 005 | 20221221080012.2 | ||
| 020 | |a 0-201-28540-1 | ||
| 041 | 0 | |a eng | |
| 044 | |a US | ||
| 245 | 1 | 0 | |a Algebra |c Stanley A. Smith |
| 250 | |a 1. ed. | ||
| 264 | 1 | |a Menlo Park |b Addison-Wesley Publ. Co. |c 1992 | |
| 300 | |a 800 s. | ||
| 610 | 2 | 0 | |a matematika |
| 610 | 2 | 0 | |a metódy matematické |
| 610 | 2 | 0 | |a grafy |
| 610 | 2 | 0 | |a pravdepodobnosť |
| 610 | 2 | 0 | |a teória pravdepodobnosti |
| 610 | 2 | 0 | |a štatistika |
| 100 | 1 | |a Smith, Stanley A. | |